000 01115cam a2200277 4500
001 J2023
008 090401t1993 xxu||||| |||| 00| 0 eng d
035 _a(Sirsi) u46793
041 _aeng
050 _a692.8
090 _aJCT 1993/6A
110 _aJoint Contracts Tribunal
_93664
245 _aStandard Form of Agreement for Collateral Warranty MCWa/P&T for use where a warranty is to be given to a purchaser or tenant of building works or a part thereof by a main contractor.
260 _aLondon
_bRIBA Publications Ltd.
_c1993
300 _aPad of 5 sets of 5 page forms ; 30cm.
350 _a11.75
490 _aJCT Standard Form of Agreement for Collateral Warranty 1993 Edition
_vMCWa/P&T (Purchaser or Tenant)
520 _aDeveloped by the British Property Federation and the Building Employers Confederation.
650 _aBPF
650 _aBUILDING EMPLOYERS CONFEDERATION
650 _aBUILT ENVIRONMENT-BUILDING CONTRACT FORMS-CONSTRUCTION COLLATERAL WARRANTY FORMS
650 _aMCWA/P&T
690 _aBUILT ENVIRONMENT-BUILDING CONTRACT FORMS
942 _n0
948 _c04/03/1997
999 _c92005
_d92005